Tổ chức và hoạt động của tòa soạn

Nội dung sách cung cấp những kiến thức cơ bản về toà soạn báo, cơ cấu tổ chức, bộ máy toà soạn, đặc điểm lao động báo chí ở tòa soạn, công tác phóng viên, công tác kế hoạch, công tác bạn đọc, quy trình thực hiện các sản phẩm báo chí,...

Deskribapen osoa

Gorde:
Xehetasun bibliografikoak
Egile nagusia: Đinh, Văn Hường
Formatua: Liburua
Hizkuntza:Undetermined
Argitaratua: Hà Nội Đại học Quốc gia Hà Nội 2007
Gaiak:
Etiketak: Etiketa erantsi
Etiketarik gabe, Izan zaitez lehena erregistro honi etiketa jartzen!
Thư viện lưu trữ: Trung tâm Học liệu Trường Đại học Cần Thơ
LEADER 01115nam a2200205Ia 4500
001 CTU_159672
008 210402s9999 xx 000 0 und d
020 |c 17000 
082 |a 070.4 
082 |b H561 
100 |a Đinh, Văn Hường 
245 0 |a Tổ chức và hoạt động của tòa soạn 
245 0 |c Đinh Văn Hường 
260 |a Hà Nội 
260 |b Đại học Quốc gia Hà Nội 
260 |c 2007 
520 |a Nội dung sách cung cấp những kiến thức cơ bản về toà soạn báo, cơ cấu tổ chức, bộ máy toà soạn, đặc điểm lao động báo chí ở tòa soạn, công tác phóng viên, công tác kế hoạch, công tác bạn đọc, quy trình thực hiện các sản phẩm báo chí, phương tiện làm việc và các nguồn tin của phóng viên, công tác phát hành cơ chế phát ngôn báo chí. 
650 |a Báo chí,Journalism 
904 |i Hong Loan,QHieu 
980 |a Trung tâm Học liệu Trường Đại học Cần Thơ